000
00283nam a22001337a 4500
008
180914b xxu||||| |||| 00| 0 eng d
020
_a
0810461161
041
_a
eng
080
_a
821
100
_a
21
101
_a
GJL
245
_a
Telling Writing
_c
Macrorie, K
942
_2
udc
_c
BK
999
_c
47785
_d
47785